[Event "Modelo CC U2000 3rd"]
[Site "Uruguay"]
[Date "2003.08.29"]
[Round "4"]
[White "Cuitino, Eduardo"]
[Black "Llanos, Claudio"]
[Result "1-0"]
[WhiteElo "1894"]
[BlackElo "1977"]
[PlyCount "55"]
[EventDate "2003.08.??"]
[EventType "swiss"]
[EventRounds "5"]
[EventCountry "URU"]
[SourceTitle "EXT 2005"]
[Source "ChessBase"]
[SourceDate "2004.11.15"]
[SourceVersion "1"]
[SourceVersionDate "2004.11.15"]
[SourceQuality "1"]

1. d4 Nf6 2. c4 e6 3. Nc3 d5 4. Bg5 c6 5. e3 Nbd7 6. cxd5 exd5 7. Bd3 Bb4 8. Qc2 h6 9. Bh4 Qa5 10. Nge2 0-0 11. 0-0 Re8 12. Rad1 Be7 13. f3 c5 14. b4 Qxb4 15. Rb1 Qa5 16. Rb5 Qc7 17. Nf4 g5 18. Ncxd5 Nxd5 19. Nxd5 Qd6 20. Nxe7+ Qxe7 21. Bf2 cxd4 22. Bc4 dxe3 23. Qg6+ Kf8 24. Qxh6+ Kg8 25. Rxg5+ Qxg5 26. Qxg5+ Kf8 27. Bxe3 Ne5 28. Bc5+ 1-0